200 recursos en el trabajo de la madera

Salvato in:
Dettagli Bibliografici
Autore principale: Wearing, R (Autore)
Natura: Libro
Lingua:spagnolo
Pubblicazione: Barcelona Ceac 1995
Edizione:5a. ed
Soggetti:
Tags: Aggiungi Tag
Nessun Tag, puoi essere il primo ad aggiungerne!!

MARC

LEADER 00000nam a2200000 a 4500
001 UCS3912
003 CL-VaPUC
008 970718e19950000SP |||||||||||||||||spa|d
082 0 4 |a 694  |b WEA  |2 21 
100 0 |a Wearing, R  |e author  |9 390089 
245 1 0 |a 200 recursos en el trabajo de la madera 
250 |a 5a. ed 
300 |a 208 p 
942 |c BK 
945 |d 19970718 00:00:00  |a amoreno 
260 |a Barcelona  |b Ceac  |c 1995 
650 7 |a HERRAMIENTAS  |2 CL-VaPUC  |9 263987 
650 0 |a Madera  |9 262357 
650 7 |a DISPOSITIVOS DE FIJACION  |2 CL-VaPUC  |9 390090 
650 7 |a TORNO  |2 CL-VaPUC  |9 390091 
650 7 |a TALADRO  |2 CL-VaPUC  |9 390092 
650 7 |a SIERRA CIRCULAR  |2 CL-VaPUC  |9 390093 
583 |a last modification  |c 19970718 00:00:00  |k Rodrigo Vera 
999 |c 261377  |d 261375 
952 |0 0  |1 0  |4 0  |6 694_000000000000000_WEA_1995  |7 0  |8 A  |9 288771  |a BIBARQ  |b BIBARQ  |d 2019-11-19  |i 3334333  |l 2  |o 694 WEA 1995  |p 3334333  |r 2025-01-20  |s 2023-10-25  |w 2019-11-19  |y BK  |k ARQ